000 00508nam a2200181Ia 4500
005 20250326142843.0
008 250326s9999 xx 000 0 und d
037 _aTextbook
040 _aFMSL
_beng
_cFMSL
041 _aeng
_2eng
084 _aX9B:8 P2
_qFMSL
100 _aChaston E
_9746738
245 0 _aSmall business marketing management
_cChaston E; Mangles T
260 _aNew York
_bNew York, Palgrave
_c2002
300 _a274p
942 _cTB
_hX9B:8 P2
999 _c1296947
_d1296947